Central Library OPAC University of Rajshahi

Fundamentals of modern physics / (Record no. 9318)

MARC details
000 -LEADER
fixed length control field 00684nam a2200241 a 4500
001 - CONTROL NUMBER
control field 9318
003 - CONTROL NUMBER IDENTIFIER
rucl marc code BD-RjUL
005 - DATE AND TIME OF LATEST TRANSACTION
control field 20211208234745.0
008 - FIXED-LENGTH DATA ELEMENTS--GENERAL INFORMATION
fixed length control field 140120s1961 nyua b 001 0 eng
020 ## - INTERNATIONAL STANDARD BOOK NUMBER
International Standard Book Number 047123463X :
035 ## - SYSTEM CONTROL NUMBER
System control number (BD-RjUL)9363
040 ## - CATALOGING SOURCE
Original cataloging agency CU
Transcribing agency CU
Modifying agency CPaHP
-- NNC
-- BD-RjUL
Language of cataloging eng
041 ## - LANGUAGE CODE
Language code of text/sound track or separate title eng
082 00 - DEWEY DECIMAL CLASSIFICATION NUMBER
Classification number 539
Author mark and year EIF 1961
Edition number 23
100 1# - MAIN ENTRY--PERSONAL NAME
Personal name Eisberg, Robert Martin
9 (RLIN) 28896
245 10 - TITLE STATEMENT
Title Fundamentals of modern physics /
Statement of responsibility, etc. Robert Martin Eisberg
260 ## - PUBLICATION, DISTRIBUTION, ETC. (IMPRINT)
Place of publication, distribution, etc. New York :
Name of publisher, distributor, etc. Wiley,
Date of publication, distribution, etc. 1961.
300 ## - PHYSICAL DESCRIPTION
Pagination xiii, 729 p. :
Illustrations ill. ;
Size 24 cm.
504 ## - BIBLIOGRAPHY, ETC. NOTE
Bibliography, etc Includes bibliographies and index.
650 ## - SUBJECT ADDED ENTRY--TOPICAL TERM
Topical term or geographic name as entry element Modern Physics
9 (RLIN) 159266
942 ## - ADDED ENTRY ELEMENTS (KOHA)
Source of classification or shelving scheme Dewey Decimal Classification
Koha item type Books
Holdings
Lost status Source of classification or shelving scheme Damaged status Not for loan Collection code Permanent Location Current Location Shelving location Date acquired Source of acquisition Cost, normal purchase price Total Checkouts Full call number Date last seen Copy number Koha item type
  Dewey Decimal Classification     Non-fiction Central Library, University of Rajshahi Central Library, University of Rajshahi   30/08/1988 Toppom 41.95   539 EIF 1961 20/01/2014 C-8 Books
  Dewey Decimal Classification     Non-fiction Central Library, University of Rajshahi Central Library, University of Rajshahi   30/08/1986 Toppom 41.95   539 EIF 1961 09/11/2015 C-10 Books
  Dewey Decimal Classification   Not For Loan Non-fiction Central Library, University of Rajshahi Central Library, University of Rajshahi Reading Room 05/10/1970 Sweets & Zeitlinger 114.00   539 EIF 1961 12/04/2017 C-1 Books
  Dewey Decimal Classification     Non-fiction Central Library, University of Rajshahi Central Library, University of Rajshahi   08/12/2021 W.Heffer and Sons 8.90   539 EIF 1961 08/05/2017 C-2 Books
  Dewey Decimal Classification     Non-fiction Central Library, University of Rajshahi Central Library, University of Rajshahi   08/12/2021 Topper 41.95   539 EIF 1961 08/05/2017 C-3 Books
  Dewey Decimal Classification     Non-fiction Central Library, University of Rajshahi Central Library, University of Rajshahi   08/12/2021 Heffer 13.85   539 EIF 1961 08/05/2017 C-4 Books
  Dewey Decimal Classification     Non-fiction Central Library, University of Rajshahi Central Library, University of Rajshahi   08/12/2021 W.Heffer and Sons 8.90   539 EIF 1961 08/05/2017 C-5 Books
  Dewey Decimal Classification     Non-fiction Central Library, University of Rajshahi Central Library, University of Rajshahi   08/12/2021 Topper 41.95   539 EIF 1961 08/05/2017 C-6 Books
  Dewey Decimal Classification     Non-fiction Central Library, University of Rajshahi Central Library, University of Rajshahi   05/10/1970 Sweets & Zeitlinger 114.00   539 EIF 1961 20/05/2017 C-7 Books
  Dewey Decimal Classification     Non-fiction Central Library, University of Rajshahi Central Library, University of Rajshahi   24/10/1973 U.S. Govt.     539 EIF 1961 23/10/2018 C-9 Books